000 00482nam a2200193Ia 4500
005 20250603144417.0
008 250603s9999 xx 000 0 und d
020 _a0-534-95574-6
050 _aQA 372 .Z54/
100 _aZill, Dennis G.
245 2 _aA first course in differntial equations : with modeling application
250 _a6th ed.
260 _aPacific Grove
260 _bThomson
260 _c1997
300 _a387 p
650 _aPacific Grove
942 _cBK
999 _c38835
_d38835